000 00905cam a22002771 4500
001 sa 68020150
003 DLC
005 20260227112722.0
008 900301s1967 ii 000 0 sano
010 _asa 68020150
035 _a(OCoLC)21142083
040 _aDLC
_cWaU
_dDLC
042 _apremarc
050 0 0 _aPK3121
_b.A8 1967b
130 0 _aBrahmanas.
_pĀrṣeyabrāhmaṇa.
245 1 0 _aJaiminīyārṣeya-Jaiminīyopaniṣad-Brāhmaṇe.
260 _c1967.
300 _a41, 71, 239 p.
_c25 cm.
490 1 _aKendriya Sanskrit Vidyapeetha series ;
_v5-6
500 _aAdded t. p. in English.
500 _aEach section has separate t.p.
500 _aIn Sanskrit; introd. notes in English.
730 0 _aBrahmanas.
_pJaiminīyabrāhmana.
_pUpaniṣadbrāhmaṇa.
700 0 _aSharma, Bellikoth Ramachandra,
_d1912-
830 0 _aKendrīyasamskr̥tavidyāpīṭhagranthamālā ;
_v5-6
999 _c89270
_d89270